[Event "Francisco Martinez 8th tt"]
[Site "Santa Clara"]
[Date "2018.08.17"]
[Round "4.3"]
[White "Obregon Garcia, Roxangel"]
[Black "Solares Orozco, Kebert"]
[Result "1/2-1/2"]
[WhiteElo "2122"]
[BlackElo "2156"]
[PlyCount "151"]
[EventDate "2018.08.16"]
[EventType "team-tourn"]
[EventRounds "10"]
[EventCountry "CUB"]
[EventCategory "8"]
[SourceTitle "EXT 2021"]
[Source "ChessBase"]
[SourceDate "2020.10.23"]
[SourceVersion "1"]
[SourceVersionDate "2020.10.23"]
[SourceQuality "1"]

1. e4 c5 2. Nf3 d6 3. d4 cxd4 4. Qxd4 Nc6 5. Bb5 Bd7 6. Bxc6 Bxc6 7. Nc3 Nf6 8. Bg5 e6 9. 0-0-0 Be7 10. Qd3 Qa5 11. Bh4 0-0 12. Nd4 Rac8 13. f4 a6 14. f5 Bd7 15. g4 Rfd8 16. Rhf1 b5 17. g5 Ng4 18. Qg3 Ne5 19. g6 Bxh4 20. gxf7+ Nxf7 21. Qxh4 exf5 22. Nxf5 Bxf5 23. Rxf5 Qc7 24. Rd2 Rd7 25. Nd5 Qd8 26. Qg3 Kh8 27. Rdf2 Nh6 28. R5f4 Rb7 29. Qh3 Qd7 30. Qe3 Rg8 31. h3 Qe6 32. Qf3 Ra7 33. h4 Rb7 34. Qg3 Rd7 35. h5 Rb7 36. Rf8 Rf7 37. R8xf7 Nxf7 38. Qf4 Ne5 39. Kb1 h6 40. Ne3 Rc8 41. Nf5 Rc7 42. Qh4 Rd7 43. Nd4 Qe7 44. Qf4 Qe8 45. Qh4 Qe7 46. Qg3 Rc7 47. Nf5 Qe6 48. Rg2 Qf6 49. c3 a5 50. Qe3 Nc4 51. Qd4 Qe5 52. b3 Na3+ 53. Kb2 b4 54. c4 Rf7 55. Qxe5 dxe5 56. Rd2 Kh7 57. Rd6 Ra7 58. Kc1 Rc7 59. Re6 Nb5 60. Rxe5 Nc3 61. Nd6 Nxa2+ 62. Kb2 Nc3 63. Rxa5 Re7 64. e5 g5 65. hxg6+ Kxg6 66. Kc2 h5 67. Kd3 h4 68. Kd4 h3 69. Ne4 h2 70. Ra6+ Kg7 71. Nf2 Rf7 72. Rf6 Rd7+ 73. Rd6 Rf7 74. Rf6 Rd7+ 75. Rd6 Rf7 76. Rf6 1/2-1/2

[Event "CUB Province-chT Schools 54th"]
[Site "Santa Clara"]
[Date "2018.07.16"]
[Round "7.5"]
[White "Solares Orozco, Kebert"]
[Black "Hidalgo Zayas, Pedro Ernesto"]
[Result "1-0"]
[WhiteElo "2153"]
[BlackElo "1832"]
[PlyCount "93"]
[EventDate "2018.07.13"]
[EventType "team-swiss"]
[EventRounds "9"]
[EventCountry "CUB"]
[SourceTitle "CBM 195 Extra"]
[Source "ChessBase"]
[SourceDate "2020.05.31"]
[SourceVersion "1"]
[SourceVersionDate "2020.05.31"]
[SourceQuality "1"]
[WhiteTeam "Ciego de Avila"]
[BlackTeam "Granma"]
[WhiteTeamCountry "CUB"]
[BlackTeamCountry "CUB"]

1. d4 Nf6 2. c4 e6 3. g3 Bb4+ 4. Bd2 Qe7 5. Bg2 Nc6 6. Nf3 Bxd2+ 7. Nbxd2 d6 8. 0-0 0-0 9. e4 e5 10. d5 Nb8 11. a3 a5 12. b4 Na6 13. Ne1 Bg4 14. f3 Bh5 15. Nd3 Nd7 16. Bh3 c6 17. dxc6 bxc6 18. b5 Nac5 19. Bxd7 Qxd7 20. Nxc5 dxc5 21. Nb3 Qe7 22. a4 Rfd8 23. Qe2 f6 24. Qe3 Bf7 25. Rfc1 cxb5 26. axb5 a4 27. Nxc5 Rdc8 28. Rxa4 Rxa4 29. Nxa4 Rxc4 30. b6 Qb7 31. Rxc4 Bxc4 32. Qc5 Ba6 33. Qd5+ Qxd5 34. exd5 Bb7 35. Nc5 Bxd5 36. b7 Bxb7 37. Nxb7 f5 38. Kf2 Kf7 39. Ke3 Ke6 40. f4 e4 41. Kd4 g6 42. Na5 Kd6 43. Nc4+ Ke6 44. h4 h6 45. Ne3 Kf6 46. Kd5 g5 47. h5 1-0

[Event "CUB Province-chT Schools 54th"]
[Site "Santa Clara"]
[Date "2018.07.15"]
[Round "6.1"]
[White "Perez Leiva, Jerzy Jesus"]
[Black "Solares Orozco, Kebert"]
[Result "1-0"]
[WhiteElo "2326"]
[BlackElo "2153"]
[PlyCount "67"]
[EventDate "2018.07.13"]
[EventType "team-swiss"]
[EventRounds "9"]
[EventCountry "CUB"]
[SourceTitle "CBM 195 Extra"]
[Source "ChessBase"]
[SourceDate "2020.05.31"]
[SourceVersion "1"]
[SourceVersionDate "2020.05.31"]
[SourceQuality "1"]
[WhiteTeam "Villa Clara"]
[BlackTeam "Ciego de Avila"]
[WhiteTeamCountry "CUB"]
[BlackTeamCountry "CUB"]

1. e4 c6 2. d4 d5 3. e5 Bf5 4. Nf3 e6 5. Be2 Nd7 6. 0-0 h6 7. Nbd2 Ne7 8. Nb3 Bh7 9. Bd2 Nf5 10. a4 Be7 11. a5 c5 12. Nxc5 Nxc5 13. dxc5 Bxc5 14. Bb5+ Kf8 15. b4 Be7 16. a6 b6 17. Qe2 Rc8 18. Rac1 Bg5 19. c4 dxc4 20. Bxg5 hxg5 21. Rfd1 Qe7 22. Rxc4 Rd8 23. Qc2 Rxd1+ 24. Qxd1 g6 25. Qc1 g4 26. Ng5 Bg8 27. Rc7 Qxb4 28. Nxe6+ fxe6 29. Qg5 Ne7 30. Qf6+ Bf7 31. Qxh8+ Bg8 32. Qf6+ Bf7 33. Rxa7 Qxb5 34. Ra8+ 1-0

[Event "CUB-ch U18"]
[Site "San Nicolas de Bari"]
[Date "2018.06.17"]
[Round "7"]
[White "Perez Leiva, Jerzy Jesus"]
[Black "Solares Orozco, Kebert"]
[Result "1-0"]
[WhiteElo "2295"]
[BlackElo "2106"]
[PlyCount "45"]
[EventDate "2018.06.13"]
[EventType "swiss"]
[EventRounds "9"]
[EventCountry "CUB"]
[SourceTitle "EXT 2021"]
[Source "ChessBase"]
[SourceDate "2020.10.23"]
[SourceVersion "1"]
[SourceVersionDate "2020.10.23"]
[SourceQuality "1"]

1. d4 d5 2. c4 c6 3. Nf3 Nf6 4. Nc3 e6 5. Bg5 dxc4 6. e4 b5 7. e5 h6 8. Bh4 g5 9. exf6 gxh4 10. Ne5 Qxf6 11. a4 Bb7 12. axb5 cxb5 13. Bxc4 Bb4 14. Bxb5+ Kf8 15. Qb3 Bxc3+ 16. Qxc3 Kg7 17. Ng4 Qf4 18. d5+ f6 19. Ra4 Qg5 20. Qc7+ Kg6 21. Bd3+ f5 22. Ne5+ Kf6 23. Qf7+ 1-0

[Event "Capablanca Memorial U15 2nd"]
[Site "Havana"]
[Date "2018.05.15"]
[Round "3"]
[White "Solares Orozco, Kebert"]
[Black "Tapia Sanchez, Marcos"]
[Result "1-0"]
[WhiteElo "2112"]
[BlackElo "1897"]
[PlyCount "61"]
[EventDate "2018.05.14"]
[EventType "swiss"]
[EventRounds "7"]
[EventCountry "CUB"]
[SourceTitle "EXT 2021"]
[Source "ChessBase"]
[SourceDate "2020.10.23"]
[SourceVersion "1"]
[SourceVersionDate "2020.10.23"]
[SourceQuality "1"]

1. d4 Nf6 2. c4 e5 3. dxe5 Ng4 4. Bf4 Nc6 5. Nf3 Bc5 6. e3 Qe7 7. Nc3 Bb4 8. Qd5 Bxc3+ 9. bxc3 Qa3 10. Qd2 Qa5 11. Rb1 a6 12. c5 Qxc5 13. e6 Nd8 14. exd7+ Bxd7 15. Qd4 Ne6 16. Qxc5 Nxc5 17. Bxc7 Rc8 18. Bg3 Bf5 19. Rb4 Nf6 20. c4 Nfe4 21. Nd4 Bg6 22. Be2 Nc3 23. 0-0 Nxa2 24. Rb2 Nc3 25. Bg4 Ra8 26. f3 Bd3 27. Rc1 N3a4 28. Rb4 Bg6 29. Ra1 Nc3 30. Bd6 a5 31. Bxc5 1-0